000
00321nam a22001457a 4500
020
_a
0-07-0701229
082
_a
531.382
100
_a
TIMOSHENKO, S.P.
245
_a
THEORY OF ELASTICITY
250
_a
3rd
260
_a
New Delhi,
_b
Tata McGraw Hilll,
_c
2011.
300
_a
567p. :
500
_a
Paperback.
942
_c
BK
999
_c
32516
_d
32516